| 000 | 00760nam a2200277Ia 4500 | ||
|---|---|---|---|
| 001 | Para_7092 | ||
| 003 | CHAP | ||
| 008 | 220125s1966 xx 000 0 und d | ||
| 010 | _a205978 | ||
| 040 | _cCHAP | ||
| 082 | _aPA 633.73 T66 | ||
| 100 |
_aTopete Ponce, Enrique _9113899 |
||
| 245 |
_aManual de plagas y enfermedades del cafeto / _c por Enrique Topete Ponce |
||
| 260 |
_aMéxico : _b INMECAFE |
||
| 300 | _a70 p. | ||
| 650 |
_aCafé _x enfermedades _917136 |
||
| 650 |
_aCafé _x plagas _917181 |
||
| 710 |
_aInstituto Mexicano del Café _959263 |
||
| 901 | _aPA 633.73 T66 | ||
| 902 | _aA | ||
| 905 | _a0000001966 a 0000000000 00 | ||
| 910 | _a1966 | ||
| 942 | _cPARA | ||
| 942 |
_cPARA _d1 |
||
| 999 |
_c205978 _d205978 |
||